El ventilador (Registro nro. 305159)
[ vista simple ]
| 000 -ENCABEZADO | |
|---|---|
| Número de control [NR] | 01762cam a2200361Ia 4500 |
| 001 - NÚMERO DE CONTROL | |
| control field | ocm77566843 |
| 005 - FECHA Y HORA DE LA ÚLTIMA TRANSACCIÓN | |
| control field | 20161213153257.0 |
| 008 - DE LONGITUD FIJA DE DATOS DE ELEMENTOS - INFORMACIÓN GENERAL | |
| Elementos de longitud fija [NR] | 161202s2006 sp ao fri 001 0 spa d |
| 020 ## - NUMERO INTERNACIONAL NORMALIZADO PARA LIBROS [R] | |
| Número Internacional Normalizado del libro [NR] | 8484432262 |
| 020 ## - NUMERO INTERNACIONAL NORMALIZADO PARA LIBROS [R] | |
| Número Internacional Normalizado del libro [NR] | 9788484432265 |
| 035 ## - NUMERO DE CONTROL DEL SISTEMA [R] | |
| Número de control del sistema [NR] | (OCoLC)77566843 |
| 040 ## - FUENTE DE CATALOGACION [NR] | |
| Agencia de catalogación original [NR] | Co-BoUCM |
| Idioma de catalogación [NR] | spa |
| Quien Cataloga | Saul Niño |
| Quien Clasifica | Saul Niño |
| 041 0# - CODIGO DE IDIOMA [R] | |
| Código de idioma para texto/pista de sonido o título separado [R] | Español |
| 245 03 - MENCION DE TITULO [NR] | |
| Título [NR] | El ventilador |
| Parte restante del título [NR] | curso de español de nivel superior |
| Mención de responsabilidad, etc. [NR] | Maria Dolores Chamorro... [y otros.] |
| 260 ## - PUBLICACION, DISTRIBUCION, ETC. (PIE DE IMPRENTA) [R] | |
| Lugar de publicación, distribución, etc. [R] | Barcelona (España) |
| Nombre del editor, distribuidor, etc. [R] | Difusion |
| Fecha de publicación, distribución, etc. [R] | 2006 |
| 300 ## - DESCRIPCION FISICA [R] | |
| Extensión [R] | 224 páginas |
| Otros detalles físicos [NR] | ilustraciones, fotografías |
| Material acompañante [NR] | 1 CD-ROM + 1 DVD |
| 500 ## - NOTA GENERAL [R] | |
| Nota general [NR] | Incluye índice |
| 500 ## - NOTA GENERAL [R] | |
| Nota general [NR] | Marco común europeo de referencia C1 |
| 520 ## - NOTA DE RESUMEN, ETC. [R] | |
| Nota de sumario, etc. [NR] | Comprehensive advanced Spanish course textbook with a variety of language models to fully explore the real language. Has 33 units and audio (74 min.), and the topics are divided into 6 themes: Saber hablar, saber hacer, saber cultura, saber entender, saber palabras, saber gramática. DVD contains video clips of advertising, interviews and presentations. With downloaded answers for all exercises, plus transcripts. |
| 650 #0 - ASIENTO SECUNDARIO DE MATERIA - TERMINO TEMATICO [R] | |
| Término temático o nombre geográfico como elemento de entrada [NR] | Lengua española |
| Subdivisión general [R] | Gramática |
| 9 (RLIN) | 45733 |
| Subdivisión de forma [R] | Libros de texto |
| 650 #0 - ASIENTO SECUNDARIO DE MATERIA - TERMINO TEMATICO [R] | |
| Término temático o nombre geográfico como elemento de entrada [NR] | Lengua española |
| Subdivisión general [R] | Enseñanza |
| 9 (RLIN) | 45733 |
| Subdivisión de forma [R] | Libros de texto |
| 650 #7 - ASIENTO SECUNDARIO DE MATERIA - TERMINO TEMATICO [R] | |
| Término temático o nombre geográfico como elemento de entrada [NR] | Español |
| Subdivisión general [R] | Pronunciación |
| 9 (RLIN) | 14900 |
| 650 #7 - ASIENTO SECUNDARIO DE MATERIA - TERMINO TEMATICO [R] | |
| Término temático o nombre geográfico como elemento de entrada [NR] | Español |
| Subdivisión general [R] | Estudiantes extranjeros |
| 9 (RLIN) | 14900 |
| 650 #7 - ASIENTO SECUNDARIO DE MATERIA - TERMINO TEMATICO [R] | |
| Término temático o nombre geográfico como elemento de entrada [NR] | Español |
| 9 (RLIN) | 14900 |
| Subdivisión de forma [R] | Estudios y ejercicios |
| 690 #0 - ASUNTO AGREGADO LOCAL DE ENTRADA - TÉRMINO TEMÁTICO (OCLC, RLIN) | |
| Acceso temático local | Lingüística aplicada |
| 9 (RLIN) | 439 |
| 700 1# - ASIENTO SECUNDARIO - NOMBRE PERSONAL [R] | |
| Nombre personal [NR] | Lozano López, Gracia |
| 9 (RLIN) | 82394 |
| 700 1# - ASIENTO SECUNDARIO - NOMBRE PERSONAL [R] | |
| Nombre personal [NR] | Rios Rojas, Aurelio |
| 9 (RLIN) | 82395 |
| 700 1# - ASIENTO SECUNDARIO - NOMBRE PERSONAL [R] | |
| Nombre personal [NR] | Campillo Ruiz, José Placido |
| 9 (RLIN) | 82396 |
| 700 1# - ASIENTO SECUNDARIO - NOMBRE PERSONAL [R] | |
| Nombre personal [NR] | Ruiz Fajardo, Guadalupe |
| 9 (RLIN) | 82397 |
| 700 1# - ASIENTO SECUNDARIO - NOMBRE PERSONAL [R] | |
| Nombre personal [NR] | María Dolores, Chamorro Guerrero |
| 9 (RLIN) | 82398 |
| 942 ## - ELEMENTOS DE ENTRADA AGREGADOS (KOHA) | |
| Sistema de clasificación | DEWEY |
| Tema principal | Lingüística |
| Tipo de ítem principal el descrito en 300a | Libro |
| Edición | 1 |
| Clasificación | 468 |
| Parte restante de la signatura top. | V465ve |
| Fecha de último préstamo | Total préstamos | Signatura topográfica | Código de barras | Última vez visto | Ejemplar | Costo de reposición | Price effective from | Tipo de ítem | Perdido | Sistema de clasificación | Dañado | No prestable | Tipo de ítem específico | Suprimido | Ubicación habitual | Ubicación actual | Localización | Fecha de creación | Proveedor | Forma de adquisición | Costo | Volúmen / Fascículo |
|---|---|---|---|---|---|---|---|---|---|---|---|---|---|---|---|---|---|---|---|---|---|---|
| 11/04/2018 | 1 | 468 V465ve | 100151852 | 05/12/2025 | Ej.1 | 107139.00 | 21/11/2016 | Libro | DEWEY | Libro | Claustro | Claustro | 2do piso | 21/11/2016 | 37 | Compra | 107139.00 | |||||
| 468 V465ve | 100151779 | 10/12/2024 | Ej.1 | 26000.00 | 21/11/2016 | Multimedia | DEWEY | DVD | Claustro | Claustro | Colección digital | 21/11/2016 | 12 | Donación | 0.00 | DVD | ||||||
| 468 V465ve | 100151780 | 10/12/2024 | Ej.1 | 26000.00 | 21/11/2016 | Multimedia | DEWEY | CD-Rom | Claustro | Claustro | Colección digital | 21/11/2016 | 12 | Donación | 0.00 | CD-ROM |